1043 1105 1953 1658 1564 1381 1480 1070 1588 1011 1052 1378 1409 1482 1442 1234 1832 1299 1444 1826 1734 1914 1483 1158 1013 1040 1386 1772 1382 1785 1634 1310 1358 1250 1568 1810 1283 1516 1707 1837 1844 1787 1295 1025 1813 1501 1830 1912 1422 1990 1238 1291 1522 1287 1481 1950 1001 1555 1295 1975 1391 1554 1288 1409 1628 1699 1198 1387 1797 1950 1799 1602 1636 1097 1738 1039 1549 1350 1059 1546 1158 1553 1235 1076 1614 1310 1925 1213 1069 1491 1384 1936 1123 1769 1044 1870 1560 1560 1361 BCNSPRNW ULIB Ver.6.0+V

เปลี่ยนเป็นภาษาไทย

Change to English
 แสดงรายละเอียดบรรณานุกรม
  กลับหน้าหลัก

Brief Record : Get Marc (ISO 2709) : E-mail record : QR code < ปิดหน้าต่าง
LEADER : 00000nam 2200000uu 4500
001    13399121705
003     ULIB
008    121130s2549||||th 000 0 tha d
020    ^a9749450175
099    ^aนว.ฬ111ด ล.2
100    ^aฬีฬา
245    ^aดวงตาในดวงใจ/^cฬีฬา
250    ^aพิมพ์ครั้งที่ 1
260    ^aกรุงเทพฯ :^bยาหยี-ยาใจ,^c2549
300    ^a292 หน้า
945    ^p0^l0^i020199
995    ^a เกษร
999    ^aใช้งานได้ทุกระบบ
รายการนี้ยังไม่มีแท็ก
คุณยังไม่ได้ล็อกอิน คุณสามารถมีกิจกรรมร่วมกับเว็บไซต์ได้ แต่ต้องล็อกอินก่อน ::
  ล็อกอิน

รายการสื่อสารสนเทศ

ลำดับที่ ประเภท เลขเรียก/บาร์โค้ด สถานที่ สถานะ
1. นวนิยาย
นวนิยาย
นว.ฬ111ด ล.2  
  Barcode: 020199
ห้องสมุดวิทยาเขตสวรรค์ประชารักษ์
►นวนิยาย
บนชั้น
  ขอยืม

รายการใกล้เคียง
    ผู้แต่ง [ฬีฬา]

BibComment


ยังไม่เคยถูกคอมเมนท์

คอมเมนท์ทรัพยากรรายการนี้
  คอมเมนท์: ดวงตาในดวงใจ ฬีฬา


 Copyright 2026. Bcnsprnw @Library